Immigration Bangladesch - Statistiken

Allgemein
  • Dieses Quiz wurde 41 mal gespielt
  • Das Durchschnittsergebnis liegt bei 9 aus 12
Antwortstatistiken
Platz Land Anzahl % Korrekt
3. China 166.646
97%
8. Indien 35.250
97%
1. Myanmar 239.742
84%
7. Nepal 39.988
81%
4. Indonesien 156.500
78%
5. Laos 90.253
78%
6. Vereinigte Staaten 47.103
78%
9. Vereinigtes Königreich 34.266
76%
2. Malaysia 208.406
73%
12. Kambodscha 20.109
70%
11. Vietnam 28.176
70%
10. Bahrain 30.877
5%
Keine übereinstimmenden Quizze gefunden
Verteilung der Resultate
Anzahl Personen mit jedem Resultat
Perzentil nach korrekt beantworteten Fragen
Ihre Resultats-Entwicklung
Sie haben dieses Quiz noch nicht gespielt